000 01004nam a22002657a 4500
003 NyNyJPI
005 20260414175005.0
008 260408b |||||||| |||| 00| 0 eng d
020 _a1399039229
040 _cIJP
041 _aeng
100 _aZablocki, Peter
245 _aThe Death of General Sikorski:
_bThe Polish Leader's Last Flight in 1943 and The Tangled Web of Poland, the Allies, and the Soviets.
_cPeter Zablocki.
260 _aYorkshire ;
_a Philadelphia :
_bFrontline Books, an imprit of Pen & Sword Books
_c2024
300 _a p. XIX, 275:
_bfotografie ;
_c10 cm.
600 _aSikorski, Władysław
600 _aSikorski, Wladyslaw
_d1881-1943
650 _aWorld War, 1939-1945
650 _aKatyn Massacre, Russia, 1940
_xDiplomatic history
_zSoviet Union
650 _2Airplanes
_xAccident
_y20th century
_zGibraltar
650 _aGovernments-in-exile
_xForeign relations
_zPoland, Soviet Union, Allies
651 _aGibraltar
_y1943
658 _aHistory
942 _2z
_cBK
_n0
999 _c91082
_d91082